Medical terminology for health professions / (Record no. 369)
[ view plain ]
| 000 -LEADER | |
|---|---|
| fixed length control field | 00536nam a2200169 a 4500 |
| 020 ## - INTERNATIONAL STANDARD BOOK NUMBER | |
| ISBN | 0827378394 |
| 050 ## - CALL NUMBER | |
| Classification number | R123.Eh8 |
| 100 1# - AUTHOR | |
| Personal name | Ehrlich, Ann, |
| 245 10 - TITLE | |
| Title | Medical terminology for health professions / |
| Statement of responsibility, etc | Ann Ehrlich. |
| 250 ## - EDITION | |
| Edition statement | 3rd ed. |
| 260 ## - PUBLICATION INFORMATION | |
| Place of publication | Albany, N.Y. : |
| Name of publisher | Delmar Publishers, |
| Year of publication | c1997. |
| 300 ## - DESCRIPTION | |
| Number of Pages | xvii, 477 p. : |
| Other physical details | ill. (chiefly col.) ; |
| Dimensions | 26 cm. + |
| Accompanying material | 1 computer disk (3 1/2 in.) |
| 500 ## - NOTES | |
| General note | Includes index. |
| 650 #0 - SUBJECTS | |
| Topical Term | Medicine |
| General subdivision | Terminology |
| -- | Programmed instruction. |
| 650 12 - SUBJECTS | |
| Topical Term | Terminology as Topic. |
| 942 ## - ADDED ENTRY ELEMENTS (KOHA) | |
| Koha item type | Books |
| Withdrawn status | Lost status | Home library | Current library | Shelving location | Date acquired | Full call number | Accession Number | Copy number | Koha item type |
|---|---|---|---|---|---|---|---|---|---|
| Methodist University Library Wenchi Nursing | Methodist University Library Wenchi Nursing | General Stacks | 20/10/2017 | R123.Eh8 | 2697 | 1 | Books |